LEADER 01372nam a2200325 a 4500 001 000000133393 003 CaOOAMICUS 005 20130408102348.0 008 130408s1993 it u000 u ita r 040 $aPUL$bita 041 1 $aita$heng 082 04$a176 100 1 $aAshley, Benedict M.,$cO.P.$0(OLS)http://pul/name/33906 240 10$aHealthcare ethics.$lItaliano.$0(OLS)http://pul/title/168569 245 10$aEtica sanitaria :$bun'analisi teologica /$cB. Ashley, K. O'Rourke ; a cura di Antonio Puca. 260 $aTorino :$bEdizioni Camilliane,$c1993. 300 $a685 p. ;$c21 cm 490 1 $aSalute e salvezza ;$v04 650 4$aEtica sanitaria.$0(OLS)http://pul/subject/39485 650 4$aEtica medica.$0(OLS)http://pul/subject/38158 700 1 $aO'Rourke, Kevin,$cO.P.$0(OLS)http://pul/name/18509 700 1 $aPuca, Antonio,$d1945-$0(OLS)http://pul/name/85946 830 0$aSalute e salvezza ;$v04.$0(OLS)http://pul/title/47655 850 $aPUL 852 $aPUL$W1$xSL Filosofia 3$y81$m176 ASHBE 1$j153305$qDDC 21$B152864$CPULBib$Z2$F152864 $H122080 $82 941 1 $a9 996 $6082$a176$9(OLS)http://pul/classification/2489 996 $6245$aEtica sanitaria :$bun'analisi teologica$9(OLS)http://pul/title/168568 996 $6260$aTorino :$bEdizioni Camilliane$9(OLS)http://pul/publisher/62141 LEADER 01174nam a2200265 a 4500 001 000000157491 003 CaOOAMICUS 005 20161214135748.0 008 161214s2016 it frm z000 u eng r 032 $aLibriCat 040 $aPUL$bita 100 1 $aGenung, Matthew C.$0(OLS)http://pul/name/100466 245 11$a"And they sold Joseph" : $bIncoherence and meaning in the composition of Genesis 37 /$cMatthew C. Genung. 260 $aRomae :$b[s.n.],$c2016. 300 $a70 p.;$c21 cm 502 $aEstratto da Tesi di Dottorato in Teologia Biblica-- Pontificio Istituto Biblico, 2016. 504 $aBibliografia p.[51]-66. 630 04$aBiblia.$pV.T.$pGenesis$xCritica e interpretazione.$0(OLS)http://pul/subject/2021 710 2 $aPontificio istituto biblico.$kTesi.$0(OLS)http://pul/name/85533 850 $aPUL 852 $aPUL$W1$xDP1 Tesi Pon. Ist. Biblico$y33$m2016 B 2$j173644$qTesi$B183917$CPULBib$Z2$F183917 $82 941 1 $a16 996 $6245$a"And they sold Joseph" : $bIncoherence and meaning in the composition of Genesis 37$9(OLS)http://pul/title/197095 996 $6260$aRomae :$b[s.n.]$9(OLS)http://pul/publisher/48223